Same Named Celebrities by Picture II Quiz Stats

 Plays Quiz Updated Jul 7, 2016

Challenge
Share
Tweet
Score 0/15 Timer 04:00
2 Plays Today
% Correct
Smith (Will & Anna Nicole)
98.1%
Williams (Serena & Pharrell)
95.4%
White (Betty & Jaleel)
89.6%
Johnson (Dwayne & Betsey)
89.1%
Lee (Bruce & Stan)
88.3%
Baldwin (Alec & Tammy)
87.4%
Tyler (Steven & Aisha)
84.8%
Jones (Tommy Lee & George)
77.7%
% Correct
Brown (James & Alton)
76.2%
Morgan (Tracy & Piers)
75.4%
Anderson (Anthony & Pamela)
72.7%
Henson (Jim & Taraji)
70.8%
Franklin (Aretha & Bonnie)
65%
Miller (Sienna & Reggie)
50.7%
Davis (Viola & Miles)
46.2%

You're not logged in!

Compare scores with friends on all Sporcle quizzes.
OR
Log In

You Might Also Like...

Show Comments

Extras

Top Quizzes Today


Score Distribution

Your Account Isn't Verified!

In order to create a playlist on Sporcle, you need to verify the email address you used during registration. Go to your Sporcle Settings to finish the process.

Report this User

Report this user for behavior that violates our Community Guidelines.

Details: